Houses in multiple occupation : Guidance to local housing authorities on standards of fitness under section 352 of the Housing Act 1985 (Record no. 94191)
[ view plain ]
| 000 -LEADER | |
|---|---|
| fixed length control field | 00721cam a2200205 4500 |
| 008 - FIXED-LENGTH DATA ELEMENTS--GENERAL INFORMATION | |
| fixed length control field | 090401t1992 xxu||||| |||| 00| 0 eng d |
| 020 ## - INTERNATIONAL STANDARD BOOK NUMBER | |
| International Standard Book Number | 0117526401 |
| 035 ## - SYSTEM CONTROL NUMBER | |
| System control number | (Sirsi) u60043 |
| 041 ## - LANGUAGE CODE | |
| Language code of text/sound track or separate title | eng |
| 110 ## - MAIN ENTRY--CORPORATE NAME | |
| Corporate name or jurisdiction name as entry element | United Kingdom |
| Subordinate unit | Department of the Environment |
| 9 (RLIN) | 982 |
| 245 ## - TITLE STATEMENT | |
| Title | Houses in multiple occupation : Guidance to local housing authorities on standards of fitness under section 352 of the Housing Act 1985 |
| 260 ## - PUBLICATION, DISTRIBUTION, ETC. | |
| Name of publisher, distributor, etc. | HMSO |
| Date of publication, distribution, etc. | 1992 |
| 300 ## - PHYSICAL DESCRIPTION | |
| Extent | 52p |
| 350 ## - PRICE (NR) (BK AM CF MU VM SE) [OBSOLETE] | |
| Price | 0.05 |
| 490 ## - SERIES STATEMENT | |
| Series statement | DoE Circular |
| Volume/sequential designation | 12/92 14 May 1992 |
| 520 ## - SUMMARY, ETC. | |
| Summary, etc. | Gives guidance to local authorities on the standards which they might consider when exercising powers over an HMO. |
| 690 ## - LOCAL SUBJECT ADDED ENTRY--TOPICAL TERM (OCLC, RLIN) | |
| Topical term or geographic name as entry element | HOUSING |
| 942 ## - ADDED ENTRY ELEMENTS (KOHA) | |
| Suppress in OPAC | 0 |
| 948 ## - LOCAL PROCESSING INFORMATION (OCLC); SERIES PART DESIGNATOR (RLIN) | |
| c (OCLC) | 04/03/1997 |
| Withdrawn status | Lost status | Source of classification or shelving scheme | Damaged status | Not for loan | Home library | Current library | Shelving location | Date acquired | Cost, normal purchase price | Total Checkouts | Full call number | Barcode | Date last seen | Date last checked out | Copy number | Cost, replacement price | Price effective from | Koha item type |
|---|---|---|---|---|---|---|---|---|---|---|---|---|---|---|---|---|---|---|
| Dewey Decimal Classification | London | London | Basement | 14/05/1992 | 0.05 | 9 | BASEMENT 2 | 30033481 | 06/08/2019 | 27/11/2002 | 2 | 0.05 | 06/08/2019 | Book |